[Event "Biel Master Tournament 2019"]
[Site "Biel"]
[Date "2019.07.28"]
[Round "6.2"]
[White "Brkic, Ante"]
[Black "Tabatabaei, M.amin"]
[Result "1/2-1/2"]
[WhiteElo "2573"]
[BlackElo "2601"]
[Annotator "TA"]
[PlyCount "61"]
[EventDate "2019.07.20"]
[EventType "swiss"]
[EventCountry "SUI"]
[SourceTitle "playchess.com"]
[Source "ChessBase"]
[SourceQuality "1"]

{[%evp 20,61,21,8,14,6,21,0,0,0,0,0,0,0,0,0,0,-10,10,7,9,6,60,43,47,12,12,14,19,5,17,12,37,37,35,25,31,25,66,30,35,0,68,0]} 1. e4 c5 2. Nf3 Nc6 3. d4 cxd4 4. Nxd4 Nf6 5. Nc3 e5 6. Ndb5 d6 7. Bg5 a6 8. Na3 b5 9. Nd5 Be7 10. Bxf6 Bxf6 11. c4 b4 {B33: Sicilian: Pelikan and Sveshnikov Variations} 12. Nc2 O-O 13. h4 (13. g3 Be6 14. Bg2 Bxd5 15. cxd5 Nd4 16. O-O Nxc2 17. Qxc2 Bg5 18. h4 Bh6 19. a3 {½-½ (32) Jakovenko,D (2719)-Giri,A (2797) Shenzhen 2019}) 13... Be6 {The position is equal.} 14. g3 a5 15. Bh3 a4 16. Nce3 Nd4 17. Kf1 b3 18. Kg2 Qb8 19. axb3 Qxb3 20. Qxb3 {[#]} axb3 $146 (20... Nxb3 $11 21. Ra2 (21. Nxf6+ gxf6 22. Ra2 Rfb8 $11) 21... Nc5) ({Predecessor:} 20... Nxb3) 21. Nc7 ({Of course not} 21. Nxf6+ $6 gxf6 22. Rxa8 Rxa8 $11) 21... Rac8 22. Nxe6 fxe6 23. Ra6 Be7 24. Bg4 Kf7 25. Rha1 $36 {[%mdl 2048] White has good play.} Rc7 26. Rb6 Rfc8 27. Bd1 Rc6 28. Rb7 {Hoping for Raa7.} R8c7 29. Rb8 Rc8 $1 {[%cal Rc8b8]} 30. Rb7 {And now Raa7 would win.} R8c7 31. Rb8 {Accuracy: White = 64%, Black = 65%.} (31. Rb4 $1 $14) 1/2-1/2

[Event "Biel Master Tournament 2019"]
[Site "Biel"]
[Date "2019.07.28"]
[Round "6.3"]
[White "Kamsky, Gata"]
[Black "Santos Latasa, Jaime"]
[Result "1/2-1/2"]
[WhiteElo "2673"]
[BlackElo "2594"]
[Annotator "TA"]
[PlyCount "120"]
[EventDate "2019.07.20"]
[EventType "swiss"]
[EventCountry "SUI"]
[SourceTitle "playchess.com"]
[Source "ChessBase"]
[SourceQuality "1"]

{[%evp 16,120,-24,-22,-12,-24,-21,-22,-4,-8,0,-6,-9,-10,16,0,0,0,10,0,0,0,0,0,0,0,34,34,45,44,40,0,0,0,0,0,2,3,17,15,15,15,29,20,64,54,51,19,69,69,62,54,75,68,62,70,57,0,0,0,0,0,0,0,0,0,0,0,0,0,0,0,0,0,0,0,0,0,0,0,0,0,0,0,0,0,0,0,0,0,0,0,0,0,0,0,0,0,0,0,0,0,0,0,0,0,0]} 1. e4 e5 2. Nc3 Nf6 3. g3 d5 4. exd5 Nxd5 5. Bg2 Nxc3 6. bxc3 Bc5 7. Ne2 Nc6 8. O-O O-O 9. d3 Be6 {C26: Vienna Game: 2...Nf6, sidelines} (9... Re8 10. Be3 Qd6 11. Rb1 Bb6 12. Qd2 Be6 13. c4 Rad8 14. Qc1 Nd4 15. Nxd4 exd4 16. Bf4 Qd7 17. Qa3 {1-0 (51) Hou,Y (2667)-Hammer,J (2701) Fagernes 2016}) 10. c4 Qd7 11. Be3 Bxe3 12. fxe3 Bh3 13. Bxh3 Qxh3 14. Nc3 $146 ({Predecessor:} 14. Rb1 b6 15. Nc3 Ne7 16. Qf3 Qe6 17. g4 {0-1 (46) Hernandez Funes,R (2168)-Arias Boo,G (2323) Barcelona 2009}) 14... Qd7 15. Rb1 b6 16. Qf3 Rad8 17. g4 Ne7 {[%cal Bc6e7,Be7c8,Bc8d6][%mdl 32]} 18. Qe4 Qe6 19. Rf2 Nc8 20. Qf5 Nd6 21. Qxe6 fxe6 22. a4 e4 23. Rxf8+ (23. Nxe4 Nxe4 24. Rxf8+ Kxf8 $17) (23. c5 $5 bxc5 24. Nxe4 $11) 23... Kxf8 $14 {[%mdl 4096] Endgame KRN-KRN} 24. Kf2 ({Much worse is} 24. Nxe4 Nxe4 25. dxe4 Rd2 $17) 24... exd3 25. cxd3 Ke7 26. Ke2 h6 27. Nb5 Kd7 28. Rf1 a6 29. Nd4 a5 30. h4 Re8 31. Nb5 Re7 32. Nxd6 Kxd6 {KR-KR} 33. d4 e5 $1 {[%cal Re5d4] [#]} 34. Kd3 $1 exd4 35. exd4 Re6 36. g5 (36. h5 $14) 36... hxg5 $11 {The position is equal.} 37. hxg5 c5 38. Rb1 Kc7 $1 39. dxc5 bxc5 40. Rb5 $1 {[%csl LRa5,LRc5][%mdl 64] [#] Double Attack} Re5 41. g6 Rg5 42. Rxa5 {Black must now prevent Ra7+.} Kb6 43. Rb5+ Ka6 44. Ke4 Rxg6 45. Rxc5 Rg1 46. Kd5 g5 47. Kd6 g4 48. Rg5 g3 49. c5 g2 50. Kc6 Rh1 51. Rxg2 {Rg6 is the strong threat.} Rh6+ $1 52. Kd5 {And now Re2 would win.} Rh5+ $1 53. Kc4 {Hoping for Rg8.} Rh4+ $1 54. Kb3 Rh3+ $1 55. Kb2 Kb7 56. Rc2 Kc6 57. a5 Kb5 58. c6 {c7 would kill now.} Rh8 59. Kb3 Rh3+ 60. Kb2 {White threatens c7 and mate.} Rh8 {Accuracy: White = 68%, Black = 80%.} 1/2-1/2

[Event "Biel Master Tournament 2019"]
[Site "Biel"]
[Date "2019.07.28"]
[Round "6.4"]
[White "Iturrizaga Bonelli, Eduardo"]
[Black "Petrosyan, Manuel"]
[Result "1/2-1/2"]
[WhiteElo "2625"]
[BlackElo "2592"]
[Annotator "TA"]
[PlyCount "29"]
[EventDate "2019.07.20"]
[EventType "swiss"]
[EventCountry "SUI"]
[SourceTitle "playchess.com"]
[Source "ChessBase"]
[SourceQuality "1"]

{[%evp 22,29,14,19,23,14,22,-7,-2,-14]} 1. Nf3 d5 2. d4 Nf6 3. c4 e6 4. Nc3 Bb4 5. Bg5 h6 6. Bxf6 Qxf6 7. Qb3 c5 8. cxd5 exd5 9. e3 O-O 10. dxc5 Bxc3+ 11. Qxc3 Qxc3+ 12. bxc3 Be6 {D38: Queen's Gambit Declined: Ragozin Defence (4 Nf3 Bb4)} 13. Nd4 Rc8 {[#]} 14. Nb3 $146 ({Predecessor:} 14. Kd2 Nd7 15. c6 bxc6 16. Rb1 Nf6 17. f3 Rc7 18. Ba6 Bc8 19. Bd3 c5 20. Ne2 {½-½ (62) Wang,Y (2697)-Vitiugov,N (2703) St Petersburg 2012}) 14... Nd7 15. Kd2 1/2-1/2

[Event "Biel Master Tournament 2019"]
[Site "Biel"]
[Date "2019.07.28"]
[Round "6.5"]
[White "Erdos, Viktor"]
[Black "Keymer, Vincent"]
[Result "1/2-1/2"]
[WhiteElo "2603"]
[BlackElo "2513"]
[Annotator "TA"]
[PlyCount "115"]
[EventDate "2019.07.20"]
[EventType "swiss"]
[EventCountry "SUI"]
[SourceTitle "playchess.com"]
[Source "ChessBase"]
[SourceQuality "1"]

{[%evp 26,115,29,14,17,0,18,0,8,0,0,0,0,0,0,0,0,0,0,0,0,0,75,75,75,75,83,68,68,68,68,68,68,68,68,68,68,68,110,110,110,110,110,110,119,119,119,119,119,92,119,0,119,119,119,119,119,119,119,119,119,119,119,119,119,0,119,93,93,93,93,93,93,93,93,93,93,93,93,93,93,93,93,93,93,0,131,0,93,93,93,93]} 1. Nf3 d5 2. d4 Nf6 3. c4 e6 4. Nc3 c5 5. cxd5 Nxd5 6. e4 Nxc3 7. bxc3 cxd4 8. cxd4 Bb4+ 9. Bd2 Bxd2+ 10. Qxd2 O-O 11. Bc4 Nd7 12. O-O b6 13. Rad1 Bb7 14. Rfe1 Rc8 {D41: Queen's Gambit Declined: Semi-Tarrasch with 5 cxd5} 15. Bb3 h6 (15... Re8 16. h3 Nf6 17. Qf4 Nh5 18. Qh2 h6 19. h4 a5 20. g4 Nf6 21. Qf4 b5 22. Ne5 {½-½ (50) Adhiban,B (2683)-Ding,L (2812) Astana 2019}) 16. h3 Nf6 {[#] The position is equal.} 17. d5 $146 ({Predecessor:} 17. Qf4 Qc7 18. Qh4 Qd8 19. Qf4 Qc7 20. Qh4 Qd8 21. Re3 Rc7 22. d5 exd5 {½-½ (40) Brown,M (2524)-Kiewra,K (2362) Burlingame 2019}) 17... exd5 18. exd5 Re8 19. Rxe8+ Qxe8 20. Qf4 Qe4 21. Qe5 Re8 22. Qc7 $36 {[%mdl 2048] White has good play.} Bxd5 23. Re1 Qxf3 (23... Qf5 $11) 24. gxf3 $16 {[#] Hoping for Rxe8+.} Rxe1+ 25. Kg2 {Black must now prevent Bxd5.} Bxb3 26. axb3 {[%mdl 4096] Endgame KQ-KRN} g6 27. f4 Re6 28. Qxa7 Nh5 29. Qc7 Ng7 30. Qd8+ Kh7 31. Kf1 Nh5 32. f5 gxf5 33. Qf8 Kg6 34. Qg8+ {[%mdl 1024] White has strong compensation.} Ng7 {[#]} 35. h4 $1 {[%cal Rh4h5] aiming for h5+!} h5 {And now ...Re8 would win.} 36. Qd8 Kh7 37. Qg5 Kg8 38. Qd8+ Kh7 39. Qc7 Kg6 40. b4 Ne8 41. Qg3+ Kh7 42. Qf3 Ng7 43. Qb7 Kg6 44. Qg2+ Kh7 45. Qb7 Kg6 $1 46. b5 Ne8 47. Qb8 Ng7 48. f3 Kh7 49. Kf2 Kg6 50. Kg3 Kh7 51. Kf4 Kg6 52. Qa7 Ne8 53. Qa1 Ng7 54. Qb1 Kh7 55. Kg5 Rg6+ $1 56. Kf4 Re6 $1 57. Qd1 Kg6 58. Qg1+ {Accuracy: White = 66%, Black = 81%.} 1/2-1/2

[Event "Biel Master Tournament 2019"]
[Site "Biel"]
[Date "2019.07.28"]
[Round "6.6"]
[White "Gopal G.N."]
[Black "Erigaisi Arjun"]
[Result "0-1"]
[WhiteElo "2594"]
[BlackElo "2531"]
[Annotator "ChessBase"]
[PlyCount "59"]
[EventDate "2019.07.20"]
[EventType "swiss"]
[EventCountry "SUI"]
[SourceTitle "playchess.com"]
[Source "ChessBase"]
[SourceQuality "1"]
[TimeControl "40/5400+30:1800+30"]

1. e4 {[%emt 0:00:00]} c5 {[%emt 0:00:22]} 2. Nf3 {[%emt 0:00:00]} e6 {[%emt 0:00:08]} 3. d4 {[%emt 0:00:00]} cxd4 {[%emt 0:00:05]} 4. Nxd4 {[%emt 0:00:00]} Nc6 {[%emt 0:00:07]} 5. Nc3 {[%emt 0:00:00]} Qc7 {[%emt 0:00:14]} 6. Be2 {[%emt 0:01:12]} Nf6 {[%emt 0:00:09]} 7. Be3 {[%emt 0:05:07]} Be7 {[%emt 0:00:14]} 8. f4 {[%emt 0:02:02]} d6 {[%emt 0:00:33]} 9. Qd2 {[%emt 0:00:22]} a6 {[%emt 0:05:16]} 10. O-O-O {[%emt 0:10:45]} Nxd4 {[%emt 0:07:29]} 11. Qxd4 {[%emt 0:00:43]} O-O {[%emt 0:41:45]} 12. g4 {[%emt 0:05:47]} e5 {[%emt 0:09:52]} 13. Qd3 {[%emt 0:01:09]} exf4 {[%emt 0:00:38]} 14. Bxf4 {[%emt 0:02:13]} Be6 {[%emt 0:00:07]} 15. g5 {[%emt 0:01:57]} Nd7 {[%emt 0:00:07]} 16. Nd5 {[%emt 0:18:54]} Bxd5 {[%emt 0:00:12]} 17. Qxd5 {[%emt 0:00:03]} Ne5 {[%emt 0:02:23]} 18. h4 {[%emt 0:04:00]} Rac8 {[%emt 0:00:33]} 19. c3 {[%emt 0:01:21]} b5 {[%emt 0:00:52]} 20. Kb1 {[%emt 0:02:22]} Qc5 {[%emt 0:05:18]} 21. Rhf1 {[%emt 0:05:56]} Qxd5 {[%emt 0:01:23]} 22. Rxd5 {[%emt 0:00:24]} f6 {[%emt 0:00:09]} 23. a4 {[%emt 0:08:19]} bxa4 {[%emt 0:02:10]} 24. Bxa6 {[%emt 0:01:24]} Ra8 {[%emt 0:00:32]} 25. Bxe5 {[%emt 0:07:28]} Rxa6 {[%emt 0:02:51]} 26. gxf6 {[%emt 0:00:08]} dxe5 {[%emt 0:00:27]} 27. fxe7 {[%emt 0:04:18]} Rxf1+ {[%emt 0:00:08]} 28. Kc2 {[%emt 0:00:01]} Kf7 {[%emt 0:00:13]} 29. Rxe5 {[%emt 0:00:03]} Ke8 {[%emt 0:00:07]} 30. Rf5 {[%emt 0:00:19]} 0-1

[Event "Biel Master Tournament 2019"]
[Site "Biel"]
[Date "2019.07.28"]
[Round "6.7"]
[White "Flom, Gabriel"]
[Black "Salem, A.R. Saleh"]
[Result "0-1"]
[WhiteElo "2494"]
[BlackElo "2672"]
[Annotator "TA"]
[PlyCount "40"]
[EventDate "2019.07.20"]
[EventType "swiss"]
[EventCountry "SUI"]
[SourceTitle "playchess.com"]
[Source "ChessBase"]
[SourceQuality "1"]

{[%evp 9,40,-13,-8,-23,-21,-42,-40,-58,-57,-60,-56,-64,-52,-53,-41,-54,-57,-100,-93,-99,-104,-101,-112,-154,-157,-185,-178,-250,-261,-302,-306,-316,-270]} 1. d4 Nf6 2. Bg5 g6 3. Bxf6 exf6 4. e3 d5 5. Bd3 Bd6 6. Nc3 {D00: 1 d4 d5: Unusual lines} c6 7. Qf3 f5 8. Nge2 {Black is slightly better.} (8. h4 h5 9. O-O-O Nd7 10. Nge2 Nf6 11. Nf4 Bd7 12. Qe2 Qa5 13. Qe1 Qc7 {½-½ (47) Mihok,O (2516)-Dudukin,I (2396) chess.com INT 2017}) 8... Nd7 9. h4 Nf6 10. g3 $146 ({Predecessor:} 10. Nf4 Ne4 11. Nce2 Qb6 12. O-O-O Qa5 13. Kb1 {½-½ (53) Duckworth,W (2313)-Amanov,Z (2402) Los Angeles 2012}) 10... Be6 11. Nf4 Qe7 12. Nce2 Bd7 13. O-O-O b5 14. Kb1 a5 {[%cal Ba7a5,Ba5a4,Ba4a3][%mdl 32]} 15. Qg2 a4 16. Rhe1 O-O 17. h5 g5 18. Nh3 (18. h6 {keeps fighting.}) 18... h6 $19 (18... Nxh5 19. Rh1 $17) 19. f4 g4 ({Worse is} 19... Qxe3 20. Nc1 $11) ({Not} 19... Nxh5 20. Nf2 $15) 20. Nf2 a3 {Accuracy: White = 31%, Black = 90%.} ({Weaker is} 20... Qxe3 {[#]} 21. Bxf5 $1 {[%mdl 512]} Bxf5 22. Ng1 $15) 0-1

[Event "Biel Master Tournament 2019"]
[Site "Biel"]
[Date "2019.07.28"]
[Round "6.8"]
[White "Jumabayev, Rinat"]
[Black "Harsha, Bharathakoti"]
[Result "1/2-1/2"]
[WhiteElo "2633"]
[BlackElo "2319"]
[Annotator "TA"]
[PlyCount "315"]
[EventDate "2019.07.20"]
[EventType "swiss"]
[EventCountry "SUI"]
[SourceTitle "playchess.com"]
[Source "ChessBase"]
[SourceQuality "1"]

{[%evp 13,314,19,26,16,26,10,12,4,9,0,4,0,0,0,0,0,0,-7,0,0,0,-3,22,-5,0,-5,-3,-13,-10,-31,-22,-16,0,0,0,2,23,0,0,0,0,0,0,0,0,0,0,0,0,0,0,-18,0,-37,-36,-61,17,18,16,0,8,8,8,8,8,8,8,8,8,0,8,0,8,8,8,8,8,8,8,8,8,8,8,8,8,8,8,8,8,7,8,8,8,8,32,16,32,32,69,69,69,69,69,32,32,32,32,32,35,35,35,0,0,0,0,0,35,35,35,16,16,0,0,0,0,0,0,0,0,2,7,7,16,16,16,16,24,16,16,8,24,24,24,24,24,24,24,24,24,24,24,24,24,8,24,25,54,32,32,26,54,39,31,31,72,63,113,82,127,127,127,70,127,92,127,92,127,134,134,134,134,106,106,98,134,97,105,105,106,105,105,105,105,97,105,105,105,97,105,106,106,97,97,0,106,97,97,97,97,85,105,97,105,97,97,97,105,97,97,0,0,0,0,0,0,0,0,0,0,0,0,0,0,0,0,0,0,0,0,0,0,0,0,0,0,0,0,0,0,0,0,0,0,0,0,0,0,0,0,0,0,0,0,0,0,0,0,0,0,0,0,0,0,0,0,0,0,0,0,0,0,0,0,0,0,0,0,0,0,0,0,0,0,0,0,0,0,0,0,0,0,0,0]} 1. e4 c6 2. Nc3 d5 3. Nf3 dxe4 4. Nxe4 Nf6 5. Nxf6+ exf6 6. Bc4 Bd6 7. Qe2+ Qe7 8. Qxe7+ {B11: Caro-Kann: Two Knights Variation} (8. d4 Na6 9. O-O Qxe2 10. Bxe2 Bf5 11. c3 Nc7 12. Nd2 Nd5 13. Nc4 Bc7 14. Ne3 Nxe3 15. Bxe3 O-O-O {½-½ (68) Adams,M (2712)-Tari,A (2618) Batumi 2018}) 8... Kxe7 9. d4 Bf5 10. c3 Re8 11. Be3 $146 ({Predecessor:} 11. O-O Kf8 12. Bd2 Nd7 13. Nh4 Be4 14. f3 Nb6 15. Be2 Bd5 {1-0 (44) Kuklin,V (2366)-Klings,P (2172) Boeblingen 2016}) 11... Nd7 {[%cal Bb8d7,Bd7b6,Bb6d5][%mdl 32]} 12. Nh4 Be6 13. Bd3 Kf8 14. O-O Nb6 15. g3 ({But not} 15. Bxh7 g6 $17) 15... g6 16. Ng2 Nd5 17. Bd2 b5 18. Rfe1 Kg7 19. b3 a5 20. Ne3 Nxe3 21. fxe3 a4 22. c4 axb3 23. axb3 bxc4 24. bxc4 Rab8 25. Reb1 (25. Bf1 {is interesting.} Bf8 26. c5 Bd5 27. Bg2 Bxg2 28. Kxg2 Rb2 29. Re2) 25... Rxb1+ 26. Rxb1 Ra8 27. Rb2 Ra3 28. Be2 c5 29. Kf2 Kf8 30. Rb6 Ke7 31. d5 Bd7 32. Rb1 Ra2 33. Ke1 Be5 34. e4 Ra1 (34... Bd4 $1 $15) 35. Rxa1 $11 Bxa1 {[%mdl 4096] Endgame KBB-KBB} 36. Bd3 h5 37. Be3 Kd6 38. Bh6 {next Bf8+ is good for White.} Ke7 39. Kf2 Bd4+ 40. Kg2 Ba4 41. Bf4 Kd7 42. Kf1 Be5 43. Ke2 Kd6 44. h4 Bb3 45. Kd2 Kd7 46. Be2 Kd6 47. Kd3 Ba4 48. Ke3 Bb3 49. Kd2 Ke7 50. Be3 Kd6 ({Much worse is} 50... Bxg3 51. Bxc5+ Kd7 52. Bb4 $14) 51. Bf2 Ba4 52. g4 hxg4 53. Bxg4 Bf4+ 54. Kd3 Be5 55. Be3 Bg3 56. h5 gxh5 57. Bxh5 Be8 58. Ke2 Be5 59. Bd2 Bd4 60. Ba5 Be5 61. Bb6 Bd4 62. Kf3 Ba4 {[#] Threatens to win with ...Bd1+.} 63. Kf4 Be5+ 64. Ke3 Bd4+ 65. Kd2 Ke7 66. Ba7 Bd7 67. Kd3 Bh3 68. Ke2 Bg2 69. Bf3 Bh3 70. Bb6 Kd7 71. Ba5 Ke7 72. Be1 Bd7 73. Bg3 Be5 74. Bf2 Bd6 75. Bh5 Bh3 76. Be3 Kf8 77. Kf2 Ke7 78. Bd1 Bd7 79. Bc2 Kf8 80. Ke2 Ke7 81. Kd2 Kd8 82. Kc1 Ke7 83. Kb2 Kd8 84. Ka3 Ke7 85. Bf2 Kd8 86. Be1 Ke7 87. Ba5 Be5 88. Bb6 Bd6 89. Bd1 Kf8 90. Bd8 Kg7 91. Ba4 Bg4 92. Bc2 ({White should play} 92. Bb3 $16) 92... Bd7 (92... Be2 $1 $14) 93. Bd3 Be8 94. Bb1 Bd7 95. Bc2 f5 96. exf5 f6 97. Kb3 Kf7 98. Be4 Kg7 99. Kc3 Kf7 100. Bc2 Kg7 101. Kd2 Kf7 102. Ke3 Kg7 103. Ke4 Kf7 104. Bb3 Be5 105. Bd1 Ke8 106. Bb6 Bd6 107. Bh5+ Ke7 108. Bd1 Ke8 $1 109. Ba5 Ke7 110. Bc3 Bc7 111. Bc2 Bd6 112. Bb2 Kf7 113. Bb3 Ke7 114. Bd1 Kf7 115. Bh5+ Ke7 116. Bg6 ({White should try} 116. Bf3 $16) 116... Ba4 {The position is equal.} 117. Kd3 Bd1 $1 118. Bc1 Be5 119. Be3 Bd6 120. Kc3 Kf8 121. Kd3 Ke7 122. Bd2 Kf8 123. Ba5 Ke7 124. Bb6 Bg4 125. Kd2 Bf3 126. Bh7 Kf7 127. Bd8 Bh5 128. Ke3 Kg7 129. Bg6 Bxg6 130. fxg6 Kxg6 {KB-KB} 131. Kf3 f5 132. Bh4 Kf7 133. Bg3 Bxg3 134. Kxg3 {KPP-KPP} Kg7 135. Kh3 Kf7 136. Kh4 Kg6 137. Kg3 Kg7 138. Kf3 (138. Kg2 {with more complications.} Kg6 139. Kg1 Kf7 140. Kh2 Kf6 141. Kg2) 138... Kf7 139. Ke2 Ke8 140. Kd2 Kd8 141. Ke3 Ke7 142. Kf4 Kf6 143. d6 Ke6 144. d7 Kxd7 {[#] ( -> ...Ke6)} 145. Kxf5 {KP-KP} Kd6 146. Kf6 Kd7 147. Ke5 Ke7 148. Kd5 Kd7 149. Kxc5 {White threatens Kb6 and mate. KP-K} Kc7 150. Kd5 Kd7 151. c5 {[%cal Bc4c5,Bc5c6,Bc6c7][%mdl 32]} Kc7 152. c6 Kc8 153. Kd6 {Intending c7 and mate.} Kd8 154. Kc5 {White wants to mate with Kd6.} Kc7 155. Kb5 Kc8 156. Kb6 {c7 would kill now.} Kb8 157. c7+ Kc8 158. Kc6 {Accuracy: White = 59%, Black = 62%.} 1/2-1/2

[Event "Biel Master Tournament 2019"]
[Site "Biel"]
[Date "2019.07.28"]
[Round "6.9"]
[White "Harika, Dronavalli"]
[Black "Vaibhav, Suri"]
[Result "1/2-1/2"]
[WhiteElo "2425"]
[BlackElo "2591"]
[Annotator "ChessBase"]
[PlyCount "128"]
[EventDate "2019.07.20"]
[EventType "swiss"]
[EventCountry "SUI"]
[SourceTitle "playchess.com"]
[Source "ChessBase"]
[SourceQuality "1"]
[TimeControl "40/5400+30:1800+30"]

1. d4 {[%emt 0:03:21]} Nf6 {[%emt 0:00:00]} 2. c4 {[%emt 0:00:07]} e6 {[%emt 0:00:05]} 3. Nc3 {[%emt 0:00:05]} Bb4 {[%emt 0:00:05]} 4. f3 {[%emt 0:00:07]} c5 {[%emt 0:00:41]} 5. d5 {[%emt 0:00:30]} b5 {[%emt 0:00:22]} 6. e4 {[%emt 0:00:22]} O-O {[%emt 0:00:07]} 7. e5 {[%emt 0:01:42]} Ne8 {[%emt 0:00:06]} 8. f4 {[%emt 0:00:19]} exd5 {[%emt 0:00:06]} 9. cxd5 {[%emt 0:00:14]} d6 {[%emt 0:00:05]} 10. Nf3 {[%emt 0:00:10]} c4 {[%emt 0:00:24]} 11. a4 {[%emt 0:00:44]} Nd7 {[%emt 0:11:18]} 12. Be2 {[%emt 0:00:46]} Qb6 {[%emt 0:07:09]} 13. Bd2 {[%emt 0:02:00]} Nc7 {[%emt 0:03:13]} 14. Nxb5 {[%emt 0:05:44]} Nxd5 {[%emt 0:00:38]} 15. Bxb4 {[%emt 0:06:21]} Nxb4 {[%emt 0:00:09]} 16. Nxd6 {[%emt 0:13:00]} Ba6 {[%emt 0:00:34]} 17. Nxc4 {[%emt 0:13:08]} Bxc4 {[%emt 0:03:08]} 18. Bxc4 {[%emt 0:00:04]} Qe3+ {[%emt 0:01:21]} 19. Qe2 {[%emt 0:06:43]} Nc2+ {[%emt 0:01:25]} 20. Kf1 {[%emt 0:00:10]} Qxe2+ {[%emt 0:00:54]} 21. Kxe2 {[%emt 0:00:05]} Nxa1 {[%emt 0:00:05]} 22. Rxa1 {[%emt 0:00:03]} Nb6 {[%emt 0:02:49]} 23. Bb3 {[%emt 0:01:26]} Rab8 {[%emt 0:07:49]} 24. Rd1 {[%emt 0:11:47]} Nd7 {[%emt 0:06:04]} 25. e6 {[%emt 0:01:45]} Rfe8 {[%emt 0:18:24]} 26. Rxd7 {[%emt 0:05:06]} Rxb3 {[%emt 0:00:09]} 27. e7 {[%emt 0:00:07]} Rxb2+ {[%emt 0:12:47]} 28. Kd3 {[%emt 0:00:27]} g6 {[%emt 0:11:17]} 29. Nd4 {[%emt 0:03:07]} f5 {[%emt 0:01:47]} 30. Rxa7 {[%emt 0:03:09]} Kf7 {[%emt 0:00:59]} 31. Nc6 {[%emt 0:01:05]} Ke6 {[%emt 0:03:53]} 32. a5 {[%emt 0:03:16]} Rxg2 {[%emt 0:00:40]} 33. a6 {[%emt 0:01:40]} Ra2 {[%emt 0:03:27]} 34. Kc4 {[%emt 0:03:48]} Kd6 {[%emt 0:00:01]} 35. Ne5 {[%emt 0:03:23]} Rxe7 {[%emt 0:02:10]} 36. Nf7+ {[%emt 0:00:08]} Ke6 {[%emt 0:00:08]} 37. Ng5+ {[%emt 0:00:13]} Kd6 {[%emt 0:00:17]} 38. Nf7+ {[%emt 0:00:16]} Ke6 {[%emt 0:00:04]} 39. Ng5+ {[%emt 0:00:04]} Kf6 {[%emt 0:00:06]} 40. Nxh7+ {[%emt 0:00:21]} Kf7 {[%emt 0:02:31]} 41. Ng5+ {[%emt 0:30:40]} Kf8 {[%emt 0:05:27]} 42. Rxe7 {[%emt 0:00:00]} Kxe7 {[%emt 0:00:45]} 43. Kb5 {[%emt 0:00:00]} Kd6 {[%emt 0:12:50]} 44. Nf7+ {[%emt 0:00:00]} Ke6 {[%emt 0:03:30]} 45. Ng5+ {[%emt 0:00:00]} Kd6 {[%emt 0:06:10]} 46. Nf7+ {[%emt 0:00:00]} Kc7 {[%emt 0:02:36]} 47. Ne5 {[%emt 0:00:00]} Rxh2 {[%emt 0:02:40]} 48. Nxg6 {[%emt 0:00:00]} Re2 {[%emt 0:00:02]} 49. Nh4 {[%emt 0:00:00]} Rh2 {[%emt 0:00:02]} 50. Ng6 {[%emt 0:00:00]} Rh6 {[%emt 0:02:10]} 51. Ne7 {[%emt 0:00:00]} Rh7 {[%emt 0:00:28]} 52. Nd5+ {[%emt 0:00:00]} Kb8 {[%emt 0:00:07]} 53. Kc5 {[%emt 0:00:00]} Rh6 {[%emt 0:00:10]} 54. Ne7 {[%emt 0:00:00]} Rh4 {[%emt 0:00:18]} 55. Nd5 {[%emt 0:00:00]} Rh6 {[%emt 0:00:06]} 56. Ne7 {[%emt 0:00:00]} Rxa6 {[%emt 0:00:31]} 57. Kd5 {[%emt 0:00:00]} Ra4 {[%emt 0:00:09]} 58. Nc6+ {[%emt 0:00:00]} Kc7 {[%emt 0:00:23]} 59. Nd4 {[%emt 0:00:00]} Kd7 {[%emt 0:01:57]} 60. Ke5 {[%emt 0:00:00]} Ke8 {[%emt 0:01:21]} 61. Nxf5 {[%emt 0:00:00]} Kf7 {[%emt 0:00:05]} 62. Nd6+ {[%emt 0:00:00]} Kg7 {[%emt 0:01:02]} 63. f5 {[%emt 0:00:00]} Ra6 {[%emt 0:00:39]} 64. Ke6 {[%emt 0:00:00]} Rxd6+ {[%emt 0:00:12]} 1/2-1/2